00550nam a2200193Ia 450000500170000000800410001704000190005804100120007708200150008910000190010424500440012325000160016726000320018330000320021550400530024765000190030065100270031985000100034620220726144057.0131103s9999 xx 000 0 und d aLoreto College aEnglish a526.8bSIM aSimpson, Brian aGeological map exercisescBrian Simpson a2nd edition aLondonbGeorge Philipc1968 aiv, 68 p.b ill., dia., map aFirst edition 1960, Second edition enlarged 1968 aMap Projection aMathematical geography aLCLIB